zpět

Detail výsledku týmu

Club Drak, Klášterec nad Ohří

Datum a čas kvízu

23 Celkem bodů Celkový počet nahraných bodů na tomto kvízu bez doplňovacích otázek.
4. Pořadí na kvízu Konečné umístění týmu na tomto kvízu.

Zaznamenané odpovědi

# Otázka Odpověď Body Výsledky
1. Osm lidí včetně jednoho Čecha... v Burkině Faso 0
2. K půlročnímu vězení odsoudil n... líbali se 0
3. Minulý týden proběhl pařížský... Heidi Klum 1
4. V letošním roce byla udělena N... C 1
5. Organizátoři nadcházejících zi... Olympijské ohně budou dva. 0
6. Rozdělení Římské říše v roce 3... 476 (Západořímská) a 1453 (Východořímská) 0
7. Ve 14. století Evropu sevřela... D 0
8. Adolf Hitler se nepoučil z výs... 6. armáda, (Friedrich) Paulus 0
9. Jak se jednoslovně nazývá tent... Watergate 1
10. Jak moc velkou chybou byl či n... A 0